000 01118nam a22003737a 4500
001 BR2016003125
003 BR-BrBNA
005 20230928104934.0
007 ta
008 230509b bl.||||| |||| 00| 0 por d
040 _aBR-BrBNA
_bpor
_cBiblioteca Nacional de Agricultura
041 _a(Por)
072 _aH10; F63
_b1190
_b4020
_b7400
090 _ 1190 BR2016003125
100 1 _aSouza, L.A. de
110 1 _aUniversidade Federal de Lavras, MG (Brasil)
_0Tese (Mestrado)
245 1 _aRelações mutualísticas e antagônicas entre insetos e Byrsonima verbascifolia (L.)Rich (malpighiaceae)em área de cerrado
260 3 _aLavras, MG (Brasil):
_c2015.
300 _a80 p.
500 _aSummaries (Eng, Por); Bibliography p. 67-80; 15 illus.
650 _aMURICI
650 _aFRUTA TROPICAL
650 _aBYRSONIMA VERBASCIFOLIA
650 _aFORMIGA
650 _aINSETO
650 _aABELHA
650 _aBOTÃO FLORAL
650 _aFENOLOGIA
650 _aINFLORESCÊNCIA
650 _aPOLINIZAÇÃO
650 _aCERRADO
909 _a202309
_bLucia
_c55
_dLucia Elande
942 _cBK
999 _c82542
_d82542